| 000 | 01134nam a22002655a 4500 | ||
|---|---|---|---|
| 003 | OSt | ||
| 005 | 20180503140629.0 | ||
| 008 | 180503s2008 ua a frb 100 0 ara d | ||
| 017 | _a2008 / 17160 | ||
| 020 | _a9771761374 | ||
| 040 |
_aEG-ScBUE _bara _cEG-ScBUE |
||
| 043 | _af-ua--- | ||
| 082 | 0 | 4 |
_a333.7924150962 _bس ي ا _222 |
| 110 | 2 |
_aالمجلس المصرى للشئون الخارجية. _bمؤتمر _n(سنوي : _d2007 : _cالقاهرة) |
|
| 245 | 1 | 2 |
_aالسياسة الخارجية المصرية والبرنامج النووي المصري، 11 ديسمبر 2007 / _cتحرير عادل محمد أحمد. |
| 260 |
_aالقاهرة : _bالمجلس المصرى للشئون الخارجية، _c2008. |
||
| 300 |
_a221 ص. : _bإيض. ؛ _c24 سم. |
||
| 504 | _aيشتمل على إرجاعات ببليوجرافية. | ||
| 541 |
_aالسفير علي الحفني ؛ _cإهداء ؛ |
||
| 650 | 7 |
_aالطاقة النووية _zمصر. _2BUEsh |
|
| 651 | 7 |
_aمصر _xسياسة خارجية. _2BUEsh |
|
| 653 |
_bBUSBOL _cMay2018 |
||
| 700 | 1 |
_aأحمد، عادل محمد، _eمحرر. |
|
| 942 | _2ddc | ||
| 999 |
_c26628 _d26600 |
||